| 000 | 00691cam a22002055a 4500 | ||
|---|---|---|---|
| 001 | L153849 | ||
| 008 | 110913s2008 xxk f 000 0 eng d | ||
| 020 | _a9781842752302 | ||
| 035 | _a(Sirsi) u153849 | ||
| 041 | 0 | _aeng | |
| 050 | 0 | 4 | _a920 $2 18 |
| 100 | 1 | _aMurie, Alan | |
| 245 | 0 | 0 |
_aMoving homes _bthe housing corporation 1964-2008 |
| 260 |
_aLondon _bUniversity of Birmingham _c2008 |
||
| 520 | _aDetails the history of the Housing Corporation, including the origins, changes, achievements and successes of the organisation. | ||
| 590 | _aKA | ||
| 651 | 4 |
_aEngland and Wales _y1543- |
|
| 690 | _aPROPERTY-RESIDENTIAL PROPERTY-DOMESTIC RESIDENTIAL PROPERTY-HOUSING | ||
| 942 | _n0 | ||
| 999 |
_c112723 _d112723 |
||